000 01598nam a2200397 c 4500
003 BLK
005 20231103005239.0
008 180408b bul|||||r ||||||| ||bul||
010 _aKNG00093545000
020 _a978-954-389-005-7
_bиздат.: Ера
040 _aBLK
041 _aBUL
_cBUL
080 _aАмериканска литература (на САЩ)
_b821.111(73)
_x-312.6
_z821.111(73)-312.6
080 _aАрхитекти
_b72.071.1
_x(73)(092)(0:82-31)
_z72.071.1(73)(092)(0:82-31)
080 _a
_b929 Райт, Франк Лойд
_x
_z929 Райт, Франк Лойд
100 1 _aХоран, Нанси
_eпърви автор
_9303347
139 _aХоран, Нанси
_bХ 66
245 1 0 _aДа обичаш Франк
_cНанси Хоран; прев. от англ. Юлия Чернева.
257 _aUSA
260 София
_bЕра
_c2008
_fСофия : Експреспринт
300 _a350 с.
_c24 см
380 _aX
500 _aОриг. загл. Loving Frank / Mancy Drew Horan. - Библиогр. с. 348-349.
600 1 4 _aРайт, Франк Лойд
_9303348
650 4 _aРайт, Франк Лойд
_9303348
651 4 _aСАЩ
_9179493
653 _aФранк Лойд Райт
653 _aроманизувани биографии
700 _aЧернева, Юлия Недкова
_d1955-
_9365526
852 _aЦб 246531
856 4 _qpdf
_u
856 4 _qpdf
_u
942 _cKNG
_n0
_05
944 _aCR
_c18.01.2010
_lCRON CRON
_k
944 _aED
_c25.06.2014
_lф /
_k
999 _c88852
_d88852